Tabla de contenidos: volumen 43, 1990
Furkejuvvon:
| Materiálatiipa: | Texto |
|---|---|
| Giella: | Spanish |
| Fáddágilkorat: |
Lasit fáddágilkoriid
Eai fáddágilkorat, Lasit vuosttaš fáddágilkora!
|
MARC
| LEADER | 00000 a a2200000 04500 | ||
|---|---|---|---|
| 003 | cru IIS | ||
| 005 | 20220217103644.0 | ||
| 008 | 220217b |||||||| |||| 00| 0 spa d | ||
| 040 | |c cru IIS | ||
| 245 | |a Tabla de contenidos: |b volumen 43, 1990 | ||
| 505 | |a Contenido: 1.Cumbre de Guatemala: Centroamérica apuesta de nuevo a la integración. -- 2.El Salvador: fuerza armada en el banquillo de los acusados. -- 3.Críticas a Cristiani en primer aniversario. -- 4.Nicaragua: desarme postergado por problemas técnicos. -- 5.Conferencia de Donantes: fondos insuficientes para despegue económico nicaragüense. -- 6.Costa Rica: murió el general que abolió su propio ejército. -- 7.Declaración de Antigua: frente a nuestros pueblos y a la comunidad internacional | ||
| 773 | 0 | |0 42570 |9 6322 |a Universidad de Costa Rica |d San José, Costa Rica CSUCA-PAX; Universidad de Costa Rica, 1988- |o 21705 |t Centroamérica Hoy/ | |
| 942 | |2 ddc |c PP | ||
| 999 | |c 44100 |d 44100 | ||
